50 Biggest Cities And Towns In Australia - Statistics

General Stats
  • This quiz has been taken 415 times
  • The average score is 26 of 50
Answer Stats
Hint Answer % Correct
5.23M Sydney
100%
2.51M Brisbane
99%
4.93M Melbourne
99%
2.04M Perth
99%
1.33M Adelaide
98%
663K Gold Coast/Tweed
94%
132K Darwin
93%
208K Hobart
91%
151K Cairns
88%
447K Canberra/Queanbeyan
87%
481K Newcastle/Maitland
87%
180K Townsville
81%
260K Geelong
79%
325K Sunshine Coast
78%
299K Wollongong
72%
103K Ballarat
65%
86K Launceston
64%
97K Bendigo
63%
78K Rockhampton
63%
91K Albury/Wodonga
60%
135K Toowoomba
56%
56K Wagga Wagga
53%
80K Mackay
52%
70K Coffs Harbour
48%
40K Orange
48%
37K Dubbo
47%
51K Mildura/Wentworth
47%
329K Central Coast
45%
46K Port Macquarie
42%
36K Bathurst
39%
70K Bundaberg
39%
34K Albany
37%
51K Shepparton/Mooroopna
34%
74K Bunbury
33%
42K Tamworth
33%
30K Kalgoorlie/Boulder
32%
37K Geraldton
29%
30K Devonport
26%
29K Mount Gambier
24%
44K Gladstone/Tannum Sands
23%
41K Traralgon/Morwell
23%
37K Bomaderry/Nowra
22%
53K Hervey Bay
22%
28K Lismore
22%
34K Warnambool
16%
39K Bowral/Mittagong
14%
38K Busselton
14%
65K Melton
14%
36K Warragul/Drouin
10%
27K Nelson Bay
5%
No matching quizzes found
Score Distribution
Percent of People with Each Score
Percentile by Number Answered
Your Score History
You have not taken this quiz